Algunas notas para el estudio de la problemática energética y su relación con el Estado costarricense (1973-1982); avance de investigación
Guardado en:
| Autor principal: | |
|---|---|
| Formato: | Texto |
| Publicado: |
s.l:
s.e.
|
| Etiquetas: |
Agregar Etiqueta
Sin Etiquetas, Sea el primero en etiquetar este registro!
|
MARC
| LEADER | 00000 a a2200000 04500 | ||
|---|---|---|---|
| 001 | 23651 | ||
| 003 | |||
| 040 | |||
| 090 | |a 160400 | ||
| 100 | |a Carranza Villalobos, Carlos Enrique | ||
| 245 | |a Algunas notas para el estudio de la problemática energética y su relación con el Estado costarricense (1973-1982); avance de investigación | ||
| 260 | |a s.l: |b s.e. | ||
| 300 | |a 29 p. | ||
| 999 | |c 6110 |d 6110 | ||
